000 00500nam a2200181Ia 4500
008 240729s9999 xx 000 0 und d
022 _a1178-1998
245 0 _aClinical Interventions in Aging
260 _aUnited Kingdom
260 _bDove Medical Press
650 _a Geriatrics
650 _a Internal medicine
650 _a Special situations and conditions
650 _aMedicine
856 _uhttps://doaj.org/toc/7a08b8f20d764345a75c87a09509b63f
942 _2ddc
942 _cDOAJEJ
999 _c73827
_d73827
945 _a1
_bMadushi Gamage
_c1
_dMadushi Gamage